Statistics for Random Cities on the Map by Letter - S

Click here to take the quiz!

General Stats

  • This quiz has been taken 629 times
  • The average score is 8 of 10

Answers on the Map

Answers color-coded by a green-red scale on the quiz's map according to % correct below.
 

Answer Stats

City% Correct
Seoul
100%
San Francisco
98%
Shanghai
98%
Stockholm
98%
Seattle
96%
Santiago
95%
St Petersburg
92%
Sydney
91%
Sao Paulo
90%
Singapore
90%
San Jose
89%
Santo Domingo
89%
Sofia
88%
Seville
87%
San Salvador
84%
Sanaa
83%
San Diego
81%
San Antonio
80%
Sapporo
71%
Southampton
69%
Salt Lake City
68%
San Juan
67%
Stuttgart
65%
Salvador
64%
St Louis
60%
Surabaya
53%
Shenyang
45%
Shiraz
41%
San Luis Potosi
14%

Score Distribution

Percentile by Number Answered

Percent of People with Each Score

Your Score History

You have not taken this quiz